00980naa a2200193 a 450000100080000000500110000800800410001910000110006024500470007126000090011850000200012752004550014765300270060265300240062965300170065365300230067065300140069377300790070710757812011-04-18 1988 bl uuuu u00u1 u #d1 aEpagri aComo implantar uma boa lavoura de feij??o. c1988 aISSN, 0103-0779 aAspectos importantes a serem observados na implanta????o de uma lavoura de feij??o s??o descritos: s??o indicadas as melhores ??pocas de semeadura e as cultivares recomendadas para cada regi??o agroclim??tica. Salienta-se a necessidade do uso de uma boa semente para garantir um bom in??cio da lavoura. Os melhores epa??amentos e densidades s??o apresentados em tabela. Faz-se refer??ncia ao gasto de sementes/ha/cultivar e profundidade de semeadura. aDensidade populacional aEpocas de semeadura aEspa??amento aPhaseolus vulgaris aVariedade tAgropecu??ria Catarinense, Florian??polis, SCgv. 1, n. 3, p. 53-54, 1988.